banner-ar

المحاسبة فى شركات الاشخاص وتطبيقاتها / (Record no. 54089)

MARC details
000 -الفاتح
حقل البيانات ثابتة الطول 00572nam a2200181Ia 4500
005 - وقت وتاريخ اخر تعامل مع التسجيلة
رقم الضبط 20240530105225.0
008 - عناصر البيانات ثابتة الطول - معلومات عامة
حقل البيانات ثابتة الطول 140319s9999 xx 000 0 ara d
040 ## - مصدر الفهرسة
وكالة الفهرسة الأصلية GCL /
وكالة النسخ GCL
082 04 - رقم تصنيف ديوى العشرى
رقم التصنيف 657.8
رقم المادة ع م
100 1# - المدخل الرئيسى - إسم شخصى
الإسم الشخصى عبدالفتاح الصحن
245 10 - بيان العنوان
العنوان المحاسبة فى شركات الاشخاص وتطبيقاتها /
بيان المسئوليه,etc عبدالفتاح الصحن
260 ## - PUBLICATION, DISTRIBUTION, ETC. (IMPRINT)
تاريخ النشر أو التوزيع 1993
300 ## - الوصف المادى
التعداد 468 ص
650 04 - المدخل الاضافى بالموضوع-مصطلح موضوعى
مصطلح موضوعي المحاسبة
650 04 - المدخل الاضافى بالموضوع-مصطلح موضوعى
مصطلح موضوعي الشركات - محاسبة
942 ## - عناصر المدخل الإضافي( كوها)
مصدر التصنيف او مخطط الترفيف Dewey Decimal Classification
Koha [default] item type كتاب
260 ## - PUBLICATION, DISTRIBUTION, ETC. (IMPRINT)
-- [S.N] :
-- مؤسسة شباب الجامعة ،
Holdings
حالة التراجع حالة الفقد حالة تلف ليس للاعارة المكان المؤقت الموقع الحالى تاريخ الاكتساب اجمالي اﻻعارات رقم الطلب الباركود تاريخ اخر مشاهدة تاريخ تفعيل السعر نوع وعاء كوها مصدر التصنيف او خطة الترفيف موقع الترفيف
        مكتبة القاهرة الكبرى مكتبة القاهرة الكبرى 03/26/2014   657.8\ع م 130179 03/26/2014 03/26/2014 كتاب    
        مكتبة القاهرة الكبرى مكتبة القاهرة الكبرى 01/22/2023   657.8 ع م 169197 01/22/2023 01/22/2023 كتاب ddc ق الرئيسية_الإدارة_ك عربى

Powered By

EGPV